Kings Under The Mountain - Statistics

General Stats
  • This quiz has been taken 296 times
  • The average score is 4 of 8
Answer Stats
Hint Answer % Correct
3rd King Thrór
95%
6th King Thorin II Oakenshield
62%
7th King Dáin II Ironfoot
49%
5th King Thráin II
43%
2nd King Thorin I
42%
1st King Thráin I
42%
4th King Smaug (De facto King until Thorin Oakenshield)
35%
8th King Thorin III Stonehelm
28%
No matching quizzes found
Score Distribution
Percent of People with Each Score
Percentile by Number Answered
Your Score History
You have not taken this quiz